00241pab a2200085 454500008003600000100002300036245005700059650002500116773001400141180718b xxu||||| |||| 00| 0 eng d aMukherjee, Subrata aRoad to reform - how valid is the dependency theory? aEconomic Development aStatesman